Riconosci il Pokémon - Quiz n°47 - Statistics

Statistiche generali
  • Questo quiz è stato fatto 7 volte
  • Il punteggio medio è 9 su 10
Statistiche sulle risposte
Indizio Risposta % Corretto
Abilità Curacuore; Rigenergia; Impaccio
100%
Stadio evoluzione Non si evolve
100%
Tipo Normale
100%
Generazione Quinta
100%
Altezza 1,1 m; 1,5 (Megaevoluzione)
86%
Tasso di cattura 255 (43.9%)
86%
Peso 31,0 kg; 32,0 kg (Megaevoluzione)
86%
Sesso 50% ♂, 50% ♀
86%
Pokémon Audino
86%
Tasso di allevamento Veloce
86%
Nessun quiz corrispondente trovato
Distribuzione punteggi
Percentuale di utenti per punteggio
Percentile per numero di risposta
I tuoi punteggi nel tempo
Non hai fatto questo quiz